<?xml version="1.0" encoding="UTF-8"?>
<marc:record xmlns:marc="http://www.loc.gov/MARC21/slim">
   <marc:leader>00000nam a2200000 a 4500</marc:leader>
   <marc:datafield ind1="1" ind2=" " tag="100">
      <marc:subfield code="a">Hubertus, Peter</marc:subfield>
      <marc:subfield code="4">ctb</marc:subfield>
      <marc:subfield code="e">Mitwirkende/-r</marc:subfield>
   </marc:datafield>
   <marc:datafield ind1="1" ind2=" " tag="100">
      <marc:subfield code="a">Yasaner, Vecih</marc:subfield>
      <marc:subfield code="4">ctb</marc:subfield>
      <marc:subfield code="e">Mitwirkende/-r</marc:subfield>
   </marc:datafield>
   <marc:datafield ind1=" " ind2=" " tag="653">
      <marc:subfield code="a">Softcover / Schule</marc:subfield>
   </marc:datafield>
   <marc:datafield ind1=" " ind2=" " tag="653">
      <marc:subfield code="a">Lernen/Deutsch als Zweitsprache</marc:subfield>
   </marc:datafield>
   <marc:datafield ind1=" " ind2=" " tag="653">
      <marc:subfield code="a">Fremdsprache</marc:subfield>
   </marc:datafield>
   <marc:datafield ind1="0" ind2="0" tag="245">
      <marc:subfield code="a">Alphaplus</marc:subfield>
   </marc:datafield>
   <marc:datafield ind1=" " ind2="1" tag="264">
      <marc:subfield code="a">Berlin</marc:subfield>
      <marc:subfield code="b">Cornelsen</marc:subfield>
      <marc:subfield code="c">2012</marc:subfield>
   </marc:datafield>
   <marc:datafield ind1=" " ind2=" " tag="250">
      <marc:subfield code="a">1. Aufl., 1. Dr.</marc:subfield>
   </marc:datafield>
   <marc:datafield ind1="1" ind2=" " tag="520">
      <marc:subfield code="a">Angaben aus der Verlagsmeldung

Alpha plus Alpha plus / A1 - Basis- und Aufbaukurs : Bildwörterbuch / von Peter Hubertus, Vecih Yasaner

Alpha plus ist ein zweibändiges Lehrwerk für Erwachsene, die* Deutsch lernen wollen,* die lateinische Schrift nicht lesen und schreiben können sowie nur wenig Lernerfahrung mitbringen.
Es orientiert sich am Konzept für einen bundesweiten Alphabetisierungskurs (BAMF).

Der Basiskurs
Im Basiskurs eignen sich die Teilnehmer/innen Grundlagen der deutschen Schriftsprache an. Sie lernen die Laute und Buchstaben des lateinischen Alphabets kennen und erwerben in klarer und kleinschrittiger Progression die schriftsprachliche Kompetenz.
Mit abwechslungsreichen Aufgaben lassen sich so die Grundkenntnisse der deutschen Sprache systematisch auf- und ausbauen.

Kursbuch mit eingelegtem Leseheft* Jede der 14 Basiskurs-Einheiten führt drei Laute und Buchstaben nacheinander ein.* Diese fügen sich anschließend auf einer Doppelseite zusammen - so werden die Lernenden an die Silben- und Wortebene herangeführt.* Nach zwei Einheiten wiederholen die Teilnehmer/innen in Stationendas bislang Gelernte.

Die Bildkarten im Anhang eignen sich zum Wiederholen und Vertiefen wichtiger Wortfelder sowie als Anlässe für mündliche Kommunikation im Unterricht.
Die eingelegte Audio-CD umfasst Hörtexte zu allen Phonetik- und Hörverstehensaufgaben sowie Diktate.

Zusätzlich im Online-Portal
Weitere Zusatzmaterialien wie das Portfolio, zahlreiche Bild- und Wortkarten.

Zugelassen vom BAMF (Bundesamt für Migration und Flüchtlinge)
</marc:subfield>
   </marc:datafield>
   <marc:datafield ind1=" " ind2=" " tag="020">
      <marc:subfield code="a">9783060207787</marc:subfield>
      <marc:subfield code="9">9783060207787</marc:subfield>
   </marc:datafield>
   <marc:datafield ind1=" " ind2=" " tag="020">
      <marc:subfield code="a">306020778X</marc:subfield>
      <marc:subfield code="9">306020778X</marc:subfield>
   </marc:datafield>
   <marc:datafield ind1=" " ind2=" " tag="041">
      <marc:subfield code="a">ger</marc:subfield>
   </marc:datafield>
   <marc:datafield ind1=" " ind2=" " tag="300">
      <marc:subfield code="a">152 S.</marc:subfield>
   </marc:datafield>
</marc:record>
